| 000 | 00608nam a2200193Ia 4500 | ||
|---|---|---|---|
| 003 | OSt | ||
| 005 | 20251129150828.0 | ||
| 008 | 220926b |||||||| |||| 00| 0 eng d | ||
| 037 | _cReference Collection | ||
| 040 |
_aRTL _cRTL _beng |
||
| 041 |
_2eng _aeng |
||
| 084 |
_a"RwN02, L6/SC" _qRTL |
||
| 100 |
_aPopper, Karl _9371172 |
||
| 245 | 0 |
_aUnended quest _b An intellectual autobiography |
|
| 260 |
_aGreat _bBritain Collins Sons |
||
| 300 |
_a270 p. _c. _bIncludes bibliographical references and index |
||
| 942 |
_h"RwN02, L6/SC" _cREF _2CC _n0 |
||
| 999 |
_c691401 _d691401 |
||